|
|
|
|
| LEADER |
00000nam2a2200000 4500 |
| 001 |
294259 |
| 005 |
20231102000658.0 |
| 035 |
|
|
|a (RuTPU)RU\TPU\book\319314
|
| 035 |
|
|
|a RU\TPU\book\208676
|
| 090 |
|
|
|a 294259
|
| 100 |
|
|
|a 20150512d2011 k y0rusy50 ca
|
| 101 |
0 |
|
|a rus
|
| 102 |
|
|
|a RU
|
| 105 |
|
|
|a a z 011zy
|
| 200 |
0 |
|
|a Вып. 13
|f отв. ред. В. И. Нестеров ; под ред. В. Г. Лукьянова , П. С. Чубика [и др.]
|
| 210 |
|
|
|d 2011
|
| 215 |
|
|
|a 291 с.
|c ил.
|
| 320 |
|
|
|a Библиогр. в конце ст.
|
| 461 |
|
1 |
|0 (RuTPU)RU\TPU\book\126654
|t Вестник Российской Академии естественных наук (Западно-Сибирское отделение)
|f Российская академия естественных наук (РАЕН), Западно-Сибирское отделение
|v Вып. 13
|d 1997-
|
| 600 |
|
1 |
|a Лукьянов
|b В. Г.
|c горный инженер
|c профессор Томского политехнического университета, доктор технических наук
|f 1930-
|g Виктор Григорьевич
|x Portal
|y Томск
|2 stltpush
|3 (RuTPU)RU\TPU\pers\12910
|
| 606 |
1 |
|
|a Естественные науки в целом
|2 stltpush
|3 (RuTPU)RU\TPU\subj\38878
|9 59127
|
| 610 |
1 |
|
|a медицина
|
| 610 |
1 |
|
|a биомедицина
|
| 610 |
1 |
|
|a экология
|
| 610 |
1 |
|
|a здравоохранение
|
| 610 |
1 |
|
|a модернизация
|
| 610 |
1 |
|
|a биохимический полиморфизм
|
| 610 |
1 |
|
|a окружающая среда
|
| 610 |
1 |
|
|a антропогенные факторы
|
| 610 |
1 |
|
|a репродуктивная система
|
| 610 |
1 |
|
|a профилактика заболеваний
|
| 610 |
1 |
|
|a иммунодефицит
|
| 610 |
1 |
|
|a хронические заболевания
|
| 610 |
1 |
|
|a геотехнология
|
| 610 |
1 |
|
|a геомеханика
|
| 610 |
1 |
|
|a металлургия
|
| 610 |
1 |
|
|a нефтяные месторождения
|
| 610 |
1 |
|
|a газовые месторождения
|
| 610 |
1 |
|
|a разработка
|
| 610 |
1 |
|
|a производственные процессы
|
| 610 |
1 |
|
|a автоматизация
|
| 610 |
1 |
|
|a агротехнология
|
| 610 |
1 |
|
|a физика
|
| 610 |
1 |
|
|a химия
|
| 610 |
1 |
|
|a экономика
|
| 610 |
1 |
|
|a педагогика
|
| 675 |
|
|
|a 50
|v 3
|
| 702 |
|
1 |
|a Нестеров
|b В. И.
|4 340
|
| 702 |
|
1 |
|a Лукьянов
|b В. Г.
|c горный инженер
|c профессор Томского политехнического университета, доктор технических наук
|f 1930-
|g Виктор Григорьевич
|2 stltpush
|3 (RuTPU)RU\TPU\pers\12910
|4 340
|
| 702 |
|
1 |
|a Чубик
|b П. С.
|c геолог
|c профессор, ректор Томского политехнического университета (с 2008 г.)
|f 1954-
|g Петр Савельевич
|2 stltpush
|3 (RuTPU)RU\TPU\pers\24546
|4 340
|
| 801 |
|
1 |
|a RU
|b 63413507
|c 20110204
|
| 801 |
|
2 |
|a RU
|b 63413507
|c 20210317
|g RCR
|
| 942 |
|
|
|c BK
|